African Landlocked Countries Quiz Stats

 Plays Quiz Updated Nov 7, 2018

Challenge
Share
Tweet
Embed
Score 0/16 Timer 02:00
9 Plays Today
Area (square km) Country % Correct
1,284,000Chad
89%
1,267,000Niger
86.8%
30,355Lesotho
83.5%
26,338Rwanda
82.6%
622,984Central African Republic
79.9%
1,240,192Mali
78.5%
241,038Uganda
77.4%
17,364eSwatini
76.6%
Area (square km) Country % Correct
390,757Zimbabwe
74.2%
752,612Zambia
71.7%
582,000Botswana
69.7%
27,834Burundi
68.2%
118,484Malawi
65.2%
274,222Burkina Faso
63.6%
1,104,300Ethiopia
63.3%
619,745South Sudan
44.7%

You're not logged in!

Compare scores with friends on all Sporcle quizzes.
OR
Log In

You Might Also Like...

Show Comments

Extras

Top Quizzes Today


Score Distribution

Your Account Isn't Verified!

In order to create a playlist on Sporcle, you need to verify the email address you used during registration. Go to your Sporcle Settings to finish the process.

Report this User

Report this user for behavior that violates our Community Guidelines.

Details: